01620nab a22002897a 4500999001500000003000400015005001700019008004100036040000700077100003500084245007100119260007300190300001400263500007300277505049900350505008900849650003500938650002800973650004301001650003301044650003301077650002001110650002101130650002601151773014001177942001301317 c6334d6334OSt20260130211704.0190603e xxum|||| |||| 00| 0 spa d cPJ 96362aBalducci, Carla Gabriela10aAcuerdos en la indivisión postcomunitaria /cCarla G. Balducci.  cCiudad Autónoma de Buenos Aires :aThomson Reuters La Ley, b2025. ap. 99-109 aCita: TR LALEY AR/DOC/2269/2025 Publicado en: RCCyC 2025 (Octubre). aSumario: I. Introducción.— II. Desarrollo.— III. Los acuerdos en la indivisión posganancial y convenio regulador.— IV. Efectos de la separación judicial de bienes. La facultad de celebrar acuerdos.— V. El deber conyugal de información para el otorgamiento de actos que excedan la administración ordinaria. Derecho de oposición.— VI. Medidas precautorias en la indivisión postcomunitaria.— VII. El pasivo durante la indivisión postcomunitaria.— VIII. Conclusiones.  t¿Te interesa el texto completo? Solicitalo al correo: koha@justierradelfuego.gov.ar 091497aCODIGO CIVIL Y COMERCIAL 09967aDERECHO DE FAMILIA 095328aRÉGIMEN DE COMUNIDAD DE BIENES 095352aSEPARACIÓN DE BIENES 093951aDEBER DE INFORMACIÓN 09962aMATRIMONIO 092253aCONDOMINIO 0aASENTIMIENTO CONYUGAL0 0271393170dCiudad Autónoma de Buenos Aires : Thomson Reuters La Ley, 2015-tRevista Código Civil y Comercial. Nº 5 - Octubre 2025 2udccANA